Country or not? #3 - Statistics

General Stats
  • This quiz has been taken 41 times
  • The average score is 15 of 15
Answer Stats
Hint Answer % Correct
Indiana False
100%
Brasilia False
97%
Male False
97%
Doha False
97%
Madrid False
97%
Malta True
97%
Qatar True
97%
Pakistan True
97%
Andorra True
97%
Portugal True
97%
Vatican City True
97%
Islamabad False
95%
Algiers False
95%
Monaco True
95%
Liechtenstein True
95%
No matching quizzes found
Score Distribution
Percent of People with Each Score
Percentile by Number Answered
Your Score History
You have not taken this quiz